000
00322nam a22001337a 4500
008
180921b xxu||||| |||| 00| 0 eng d
020
_a
0893520098
041
_a
eng
080
_a
610
100
_a
3
101
_a
SHM
245
_a
Ovarian Carinoma Etiology Diagnostic And Treatment
_c
Barber.H.R.K
942
_2
udc
_c
BK
999
_c
48163
_d
48163